| 000 | 00841nam a2200241 i 4500 | ||
|---|---|---|---|
| 001 | 175245 | ||
| 003 | ES-MaACL | ||
| 005 | 20230906215801.0 | ||
| 007 | t| | ||
| 008 | 101018s1923 sp ||||1| spa d | ||
| 080 | _a514(091) | ||
| 100 | 1 |
_aBonola, Roberto. _9143638 |
|
| 245 | 1 | 0 |
_aGeometrías no euclidianas _b: exposición histórico-crítica de su desarrollo / Roberto Bonola ; traducción del italiano por Luis Gutiérrez del Arroyo. |
| 260 |
_aMadrid : _bCalpe, _c1923. |
||
| 300 |
_a232 p. ; _c22 cm. |
||
| 490 | 1 |
_aBiblioteca de ideas del siglo XX ; _v5 |
|
| 599 | _aEn port.: "con 71 figuras" | ||
| 650 | 1 | 4 |
_aGeometría- _xHistoria. _9143639 |
| 700 | 1 |
_aGutiérrez del Arroyo, Luis. _961132 |
|
| 830 | 0 |
_aBiblioteca de ideas del siglo XX ; _v5 _9189592 |
|
| 852 |
_aES-MaACL _jE-13403 _xOlim P-210 |
||
| 999 |
_c175245 _d175245 |
||